Minor League Baseball Teams (MiLB) - Statistics

General Stats
  • This quiz has been taken 3,742 times
    286 since last reset
  • The average score is 45 of 120
Answer Stats
Team % Correct
Iowa Cubs
76%
Worcester Red Sox
71%
South Bend Cubs
69%
Syracuse Mets
67%
Indianapolis Indians
63%
St. Lucie Mets
63%
Spokane Indians
60%
Springfield Cardinals
60%
Lehigh Valley IronPigs
59%
Durham Bulls
58%
Albuquerque Isotopes
57%
Toledo Mud Hens
57%
Jacksonville Jumbo Shrimp
56%
Palm Beach Cardinals
55%
Buffalo Bisons
54%
Charlotte Knights
54%
Louisville Bats
54%
Memphis Redbirds
54%
Omaha Storm Chasers
54%
Rocket City Trash Pandas
54%
Scranton/Wilkes-Barre RailRiders
54%
Lake Elsinore Storm
53%
Sugar Land Space Cowboys
53%
Chesapeake Baysox
52%
Columbus Clippers
52%
Altoona Curve
51%
Salt Lake Bees
51%
Akron RubberDucks
50%
Hartford Yard Goats
50%
Nashville Sounds
50%
Norfolk Tides
50%
Gwinnett Stripers
48%
Las Vegas Aviators
48%
Harrisburg Senators
47%
Reading Fightin Phils
47%
Binghamton Rumble Ponies
46%
Chattanooga Lookouts
46%
Erie SeaWolves
46%
Richmond Flying Squirrels
46%
St. Paul Saints
46%
Dunedin Blue Jays
45%
Somerset Patriots
45%
Birmingham Barons
44%
Sacramento River Cats
44%
Montgomery Biscuits
43%
Portland Sea Dogs
43%
Reno Aces
43%
Tacoma Rainiers
43%
El Paso Chihuahuas
42%
Round Rock Express
41%
Frisco RoughRiders
40%
Knoxville Smokies
40%
Tulsa Drillers
40%
Pensacola Blue Wahoos
39%
San Jose Giants
39%
Amarillo Sod Poodles
38%
Fredericksburg Nationals
38%
New Hampshire Fisher Cats
38%
Oklahoma City Comets
38%
Rochester Red Wings
38%
Dayton Dragons
36%
Lansing Lugnuts
35%
Wichita Wind Surge
35%
San Antonio Missions
34%
Northwest Arkansas Naturals
33%
Brooklyn Cyclones
32%
Arkansas Travelers
31%
Biloxi Shuckers
31%
Tampa Tarpons
31%
Columbus Clingstones
30%
Corpus Christi Hooks
30%
Greenville Drive
29%
Lake County Captains
29%
Peoria Chiefs
29%
Charleston Riverdogs
28%
Greensboro Grasshoppers
28%
Myrtle Beach Pelicans
28%
Rome Emperors
28%
West Michigan Whitecaps
28%
Asheville Tourists
27%
Everett AquaSox
27%
Jersey Shore BlueClaws
27%
Vancouver Canadians
27%
Fresno Grizzlies
26%
Great Lakes Loons
26%
Lakeland Flying Tigers
26%
Bowling Green Hot Rods
25%
Daytona Tortugas
25%
Inland Empire 66ers
25%
Midland RockHounds
25%
Wisconsin Timber Rattlers
25%
Augusta GreenJackets
24%
Fort Wayne TinCaps
24%
Hillsboro Hops
24%
Kannapolis Cannon Ballers
24%
Wilmington Blue Rocks
24%
Eugene Emeralds
23%
Hudson Valley Renegades
23%
Jupiter Hammerheads
23%
Tri-City Dust Devils
23%
Winston-Salem Dash
23%
Delmarva Shorebirds
22%
Hickory Crawdads
22%
Clearwater Threshers
21%
Frederick Keys
21%
Visalia Rawhide
21%
Beloit Sky Carp
20%
Bradenton Marauders
20%
Hub City Spartanburgers
20%
Cedar Rapids Kernels
19%
Fayetteville Woodpeckers
19%
Fort Myers Mighty Mussels
19%
Rancho Cucamonga Quakes
19%
Columbia Fireflies
18%
Quad Cities River Bandits
18%
Wilson Warbirds
18%
Ontario Tower Buzzers
16%
Salem RidgeYaks
15%
Stockton Ports
15%
Hill City Howlers
13%
No matching quizzes found
Score Distribution
Percent of People with Each Score
Percentile by Number Answered
Your Score History
You have not taken this quiz since the last reset